| 000 | 00754nam a22002177a 4500 | ||
|---|---|---|---|
| 999 |
_c18070 _d18070 |
||
| 003 | AR-CdUCM | ||
| 008 | 190511b ||||| |||| 00| 0 spa d | ||
| 040 |
_aMUNICIPALIDAD PROVINCIAL DEL CUSCO _cBIBLIOTECA MUNICIPAL DEL CUSCO |
||
| 082 |
_a335.4 / _bM392 |
||
| 100 |
_aMarx, Carlos _92702 |
||
| 245 | _aFuentes y partes integrantes del marxismo/ | ||
| 260 |
_aMéxico : _bGrijalbo, _c1970. |
||
| 300 |
_a153 página ; _c18 cm. |
||
| 505 | _aContenido: Desarrollo histórico del Marxismo -- Carlos Marx Y Federico Engels -- El materialismo histórico. | ||
| 650 |
_aMarxismo _924 |
||
| 650 |
_aProletarismo _938433 |
||
| 650 |
_aMaterialismo historio _938434 |
||
| 700 |
_aEngels, Federico _95460 |
||
| 942 |
_2ddc _cLIBROS |
||
| 945 |
_adavv _d2019-05-11 |
||